Normal view
MARC view
- الاعراب-البلاغة-الاملاء-اللغة العربية
Entry Topical Term
001 - CONTROL NUMBER
- control field: 10749
003 - CONTROL NUMBER IDENTIFIER
- control field: JO-AjAnu
005 - DATE AND TIME OF LATEST TRANSACTION
- control field: 20230606072027.0
008 - FIXED-LENGTH DATA ELEMENTS
- fixed length control field: 230606|| aca||aabn | a|a d
040 ## - CATALOGING SOURCE
- Original cataloging agency: JO-AjAnu
- Transcribing agency: JO-AjAnu
150 ## - HEADING--TOPICAL TERM
- Topical term or geographic name entry element: الاعراب-البلاغة-الاملاء-اللغة العربية
670 ## - SOURCE DATA FOUND
- Source citation: Work cat.: (JO-AjAnu)5533: تاليف عبد الحميد، عبد الحميد السيد محمد, author 10748, فصل المقال في" الوقف، والإمالة، وزيادة همزة الوصل، والإبدال والإعلال"